000 00331nam a22001457a 4500
008 210226b ||||| |||| 00| 0 eng d
020 _a094532006X
041 _aeng
080 _22nd
_a37
082 _a37
100 _a46
101 _aEDU
245 _aEMP Evaluating the Measurement Process
_cWheeler, D. J
942 _2udc
_cBK
999 _c55250
_d55250